ՀՀ Գիտությունների ազգային ակադեմիայի հիմնարար գիտական գրադարան  =   Fundamental Scientific Library of NAS RA

Смерть : (Record no. 285730)

MARC details
000 -LEADER
fixed length control field 00701nam a2200205 u 4500
001 - CONTROL NUMBER
control field 000780954
003 - CONTROL NUMBER IDENTIFIER
control field AM-YeHGA
005 - DATE AND TIME OF LATEST TRANSACTION
control field 20250618073851.0
008 - FIXED-LENGTH DATA ELEMENTS--GENERAL INFORMATION
fixed length control field 101227s1984 ai r 000 0 rus d
040 ## - CATALOGING SOURCE
Original cataloging agency AM-YeHGA
041 1# - LANGUAGE CODE
Language code of text/sound track or separate title rus
Language code of original arm
090 ## - LOCALLY ASSIGNED LC-TYPE CALL NUMBER (OCLC); LOCAL CALL NUMBER (RLIN)
-- 287394
100 1# - MAIN ENTRY--PERSONAL NAME
Personal name Նար-Դոս,
Dates associated with a name 1867-1933
9 (RLIN) 1453
245 10 - TITLE STATEMENT
Title Смерть :
Remainder of title Роман /
Statement of responsibility, etc. Нар-Дос; Пер. с арм. Л. Бояджяна.
260 ## - PUBLICATION, DISTRIBUTION, ETC.
Place of publication, distribution, etc. Ереван :
Name of publisher, distributor, etc. Советакан грох,
Date of publication, distribution, etc. 1984.
300 ## - PHYSICAL DESCRIPTION
Extent 320 с. :
Other physical details цв. ил.
653 0# - INDEX TERM--UNCONTROLLED
Uncontrolled term Тифлис, 20 в.
653 0# - INDEX TERM--UNCONTROLLED
Uncontrolled term Армянская интеллигенция
700 1# - ADDED ENTRY--PERSONAL NAME
Personal name Բոյաջյան, Լևոն Անդրանիկի,
Dates associated with a name 1939-
Relator term пер.
Relationship trl
9 (RLIN) 2540
Holdings
Withdrawn status Lost status Damaged status Not for loan Collection Home library Current library Date acquired Total checkouts Full call number Barcode Date last seen Price effective from Koha item type Public note
        General Fundamental Scientific Library Fundamental Scientific Library 29/12/2016   PII/527124 FL0178300 29/12/2016 29/12/2016 Գրքեր / Books 30 Days Loan


ՀՀ ԳԱԱ հիմնարար գիտական գրադարան
ՀՀ,Երևան 0019
Մարշալ Բաղրամյան 24/6
հեռախոս:(374-10) 52-47-50
Հետադարձ կապ

All site content, except where otherwise noted, is licensed under a
Creative Commons License